000 00920aam a2200313 4500
005 20251010152431.0
008 150727b2000 xxu||||| |||| 00| 0 spa d
041 _aESP
082 _a658.45 L129g
100 _aLacasa y Blay, Antonio S.
_938390
245 _aGestión de la comunicación empresarial
260 _aEspaña
260 _bGestión 2000
260 _c2004
300 _a255 páginas
490 _aDirección y Administración de Empresas
650 _aCOMUNICACIÓN CÓMO TÉCNICA GERENCIAL
650 _aCOMUNICACIÓN EMPRESARIAL
650 _aPYMES
650 _aACCIONES COMUNICACIONALES EN LA EMPPRESA
650 _aRELACIONES PÚBLICAS
650 _aTIPOS DE COMUNICACIÓN
650 _aACCIONES DE COMUNICACIÓN
650 _aCOMUNICACIONES ESPECIALES
650 _aPUBLICIDAD
650 _aMEDIOS DE COMUNICACIÓN
650 _aCOMUNICACIÓN INTEGRAL
942 _cBK
_2ddc
999 _c6516
_d6516